|
|
|
|
| LEADER |
00000nas a2200000 a 4500 |
| 001 |
ssj0001035348 |
| 003 |
WaSeSS |
| 005 |
20200512172242.0 |
| 006 |
m d |
| 007 |
cr n |
| 008 |
000920c20009999txugr s 0 a0eng d |
| 010 |
|
|
|a 2005215059
|
| 022 |
|
|
|l 1557-6973
|y 1557-6973
|
| 035 |
|
|
|a (WaSeSS)ssj0001035348
|
| 037 |
|
|
|b Southwest Conference on Asian Studies, c/o Dr. Hans Stockton, University of St. Thomas, 3800 Montrose Blvd., Houston, TX 77006
|
| 040 |
|
|
|a AZS
|b eng
|c AZS
|d OCLCQ
|d NSD
|d DLC
|d NSD
|d OCLCQ
|d OCLCF
|d OCLCO
|d OCLCQ
|d WaSeSS
|
| 042 |
|
|
|a lccopycat
|a nsdp
|
| 043 |
|
|
|a a------
|
| 050 |
0 |
0 |
|a DS1
|b .J68
|
| 082 |
1 |
0 |
|a 950
|2 13
|
| 222 |
|
0 |
|a Journal of the Southwest Conference on Asian Studies
|
| 245 |
0 |
0 |
|a Journal of the Southwest Conference on Asian Studies
|h [electronic resource].
|
| 260 |
|
|
|a [Houston, TX] :
|b Southwest Conference on Asian Studies
|
| 310 |
|
|
|a Biennial,
|b 2005-
|
| 321 |
|
|
|a Annual,
|b 2000-2003
|
| 362 |
1 |
|
|a Print began with vol. 1 (2000).
|
| 506 |
|
|
|a License restrictions may limit access.
|
| 588 |
|
|
|a Description based on: Vol. 4 (2003).
|
| 588 |
|
|
|a Latest issue consulted: Vol. 5 (2005).
|
| 651 |
|
0 |
|a Asia
|v Periodicals.
|
| 651 |
|
7 |
|a Asia.
|2 fast
|0 (OCoLC)fst01240495
|
| 655 |
|
0 |
|a Electronic journals.
|
| 711 |
2 |
|
|a Southwest Conference on Asian Studies.
|
| 850 |
|
|
|a DLC
|
| 856 |
4 |
0 |
|z Full text available from Research Library: 01/01/2011 to 01/31/2015
|u https://search.proquest.com/publication/2028841
|